000
00323nam a22001457a 4500
020
_a
978-81-8477-804-5
082
_a
823
_b
SAL/T
100
_a
SALMAN, ANDY
245
_a
THINK OF A LINK
260
_a
UK
_b
SCHOLASTIC CHILDREN'S BOOK
_c
2013
300
_a
204
520
_a
SHORT STORY
650
_a
SHORT STORY
942
_c
BK
999
_c
6540
_d
6540